The poetical works of John Milton
Saved in:
| Main Author: | |
|---|---|
| Format: | Book |
| Language: | English |
| Published: |
Londres
Bell and Daldy
1866
|
| Series: | The Aldine Edition of the British Poets
|
| Subjects: | |
| Tags: |
Add Tag
No Tags, Be the first to tag this record!
|
MARC
| LEADER | 00000nam a2200000 a 4500 | ||
|---|---|---|---|
| 001 | UCR9819 | ||
| 003 | CL-VaPUC | ||
| 008 | 980619e18660000UK |||||||||||||||||eng|d | ||
| 082 | 0 | 4 | |a 821 |b MIL |2 21 |
| 100 | |a Milton, John |e autor |9 337433 | ||
| 245 | 1 | 4 | |a The poetical works of John Milton |
| 300 | |a v | ||
| 942 | |c BK | ||
| 945 | |d 19980619 00:00:00 |a cmena | ||
| 260 | |a Londres |b Bell and Daldy |c 1866 | ||
| 650 | 0 | |a Poesías inglesas |9 265094 | |
| 650 | 0 | |a Literatura inglesa |9 312907 | |
| 583 | |a last modification |c 19980619 00:00:00 |k Rodrigo Vera | ||
| 490 | 0 | |a The Aldine Edition of the British Poets | |
| 999 | |c 270995 |d 270993 | ||
| 952 | |0 0 |1 0 |4 0 |6 821_000000000000000_MIL_1866 |7 0 |8 P |9 305476 |a BIBEDU |b BIBEDU |c BIBEDU_PB |d 2019-11-20 |h v.3 |i 1420941 |o 821 MIL 1866 |p 1420941 |r 2024-01-25 |w 2019-11-20 |y BK |k LIT | ||